| 000 | 00898na a2200265 4500 | ||
|---|---|---|---|
| 001 | 13986 | ||
| 003 | MIRAKIL | ||
| 005 | 20181213155304.0 | ||
| 008 | 160923b tu 000 0 | ||
| 020 | _a9756774177 | ||
| 035 | _a13986 | ||
| 040 |
_aMilas _btur _cTR-AnCHP |
||
| 082 |
_aATA 923.156 _bK27g 1997 |
||
| 090 | _aATA 923.156 K27g 1997 | ||
| 100 | _aKasım, Naci | ||
| 245 |
_aGazi'nin hayatı _cNaci Kasım ; günümüz Türkçesi Arif Hikmet Bildik |
||
| 260 |
_aİstanbul _bToplumsal dönüşüm yayınları _c1997 |
||
| 300 |
_a237 s. _c20 sm. |
||
| 490 |
_aAraştırma ve İnceleme _v29 |
||
| 490 |
_aToplumsal Dönüşüm Yayınları _v115 |
||
| 600 |
_aAtatürk, Mustafa Kemal _d1881-1938 _xAtatürk devrimleri |
||
| 600 |
_aAtatürk, Mustafa Kemal _d1881-1938 _xYaşamöyküsü |
||
| 650 |
_aCumhurbaşkanları _xYaşamöyküsü _y20. yüzyıl _zTürkiye |
||
| 942 |
_2dcc _cBKS |
||
| 999 |
_c10028 _d10028 |
||